| 000 | 00940 a2200217 4500 | ||
|---|---|---|---|
| 001 | 15178 | ||
| 005 | 20260407155449.0 | ||
| 008 | 260407a2000 arg spa d | ||
| 003 | AR-UNSa-BCEJYS | ||
| 040 |
_aAR-UNSa-BCEJYS _bspa _cAR-UNSa-BCEJYS |
||
| 080 |
_a658.011.56 _xAutomatización |
||
| 245 | 1 | 0 |
_aeChange _pel lado humano de la economía digital |
| 020 | _a84-7577-785-6 | ||
| 264 | 1 |
_aBarcelona : _bGranica _c2000 |
|
| 300 |
_a333 p. _c22 cm. |
||
| 505 | _a1. Hasta no hace mucho tiempo, esto era ciencia ficción - 2. Las personas y el momento de la verdad - 3. Aprender a velocidad máxima - 4. Qué no cambia en materia de cambio - 5. Comunicarse para cambiar - 6. Errores del pasado, experiencias para el futuro | ||
| 942 | _cBK | ||
| 590 | _aniveau_biblio:m niveau_hierar:0 | ||
| 100 | 1 | _aAlvarez Roldán, Roberto | |
| 856 | 4 | 1 |
_uhttps://biblioeco.unsa.edu.ar/pmb/images/libros/Echange-l118997.jpg _yImagen de portada _qimage/jpeg |
| 999 |
_c626 _d626 |
||